Top 15 Most Visited Websites - Statistics

General Stats
  • This quiz has been taken 281 times
  • The average score is 8 of 15
Answer Stats
Hint Answer % Correct
1 Google
96%
3 Facebook
80%
4 Instagram
79%
2 Youtube
77%
5 Twitter
67%
14 Amazon
62%
8 Yahoo
59%
15 Pornhub
55%
12 TikTok
52%
7 Wikipedia
50%
13 Reddit
30%
10 Whatsapp
26%
11 XVideos
20%
6 Baidu
8%
9 Yandex
6%
No matching quizzes found
Score Distribution
Percent of People with Each Score
Percentile by Number Answered
Your Score History
You have not taken this quiz